日本百名峠 - Statistics

General Stats
  • This quiz has been taken 119 times
  • The average score is 7 of 100
Answer Stats
Hint 所在地 峠名 % Correct
47 長野県群馬県 碓氷峠
51%
21 群馬県新潟県 三国峠
45%
95 大分県 三国峠
45%
3 北海道 狩勝峠
34%
65 奈良県大阪府 暗峠
27%
97 宮崎県 中山峠
24%
25 埼玉県山梨県 雁坂峠
21%
40 長野県岐阜県 野麦峠
21%
13 山形県宮城県 板谷峠
20%
53 静岡県 天城峠
20%
57 三重県滋賀県 鈴鹿峠
19%
29 東京都神奈川県 小仏峠
18%
36 富山県石川県 倶利伽羅峠
18%
52 長野県静岡県 青崩峠
18%
2 北海道 美幌峠
14%
19 栃木県群馬県 金精峠
14%
31 神奈川県静岡県 足柄峠
13%
46 長野県 和田峠
12%
1 北海道 石北峠
11%
7 岩手県秋田県 国見峠
10%
18 福島県新潟県 六十里越
10%
33 山梨県 大菩薩峠
10%
88 長崎県 仁田峠
10%
96 宮崎県 国見峠
10%
14 山形県宮城県 笹谷峠
9%
34 山梨県 御坂峠
8%
54 静岡県 宇津ノ谷峠
8%
4 秋田県 発荷峠
7%
5 青森県秋田県 矢立峠
7%
38 石川県福井県 谷峠
7%
49 長野県 権兵衛峠
7%
51 長野県岐阜県 馬籠峠
7%
81 愛媛県 三坂峠
7%
23 群馬県長野県 十石峠
5%
50 長野県 鳥居峠
5%
76 岡山県鳥取県 人形峠
5%
84 福岡県 八木山峠
5%
85 福岡県 冷水峠
5%
87 佐賀県福岡県 三瀬峠
5%
6 岩手県秋田県 八幡平
4%
10 岩手県 仙人峠
4%
43 長野県富山県 針ノ木峠
4%
75 島根県 乙女峠
4%
8 岩手県 笛吹峠
3%
12 山形県 山刀伐峠
3%
30 東京都 御殿峠
3%
32 神奈川県静岡県 長尾峠
3%
39 福井県 木ノ芽峠
3%
55 愛知県静岡県 本坂峠
3%
56 愛知県 伊勢神峠
3%
73 鳥取県岡山県 四十曲峠
3%
86 福岡県 仲哀峠
3%
90 熊本県 高森峠
3%
92 熊本県宮崎県 湯山峠
3%
11 山形県宮城県 花立峠
2%
16 山形県宮城県 金山峠
2%
17 福島県 大内峠
2%
20 栃木県 細尾峠
2%
41 長野県 大門峠
2%
45 長野県 徳本峠
2%
48 長野県 杖突峠
2%
58 三重県 長野峠
2%
61 京都府福井県 堀越峠
2%
68 大阪府京都府 洞ヶ峠
2%
71 兵庫県岡山県 船坂峠
2%
72 鳥取県 鍵掛峠
2%
77 岡山県鳥取県 物見峠
2%
82 高知県愛媛県 地芳峠
2%
89 長崎県 日見峠
2%
9 岩手県 五輪峠
1%
15 山形県宮城県 刈田峠
1%
22 群馬県 暮坂峠
1%
24 埼玉県長野県 十文字峠
1%
26 埼玉県 妻坂峠
1%
27 茨城県栃木県 境ノ明神峠
1%
28 千葉県 横根峠
1%
35 新潟県福島県 鳥井峠
1%
37 富山県 朴峠
1%
42 長野県新潟県 関田峠
1%
44 長野県 修那羅峠
1%
59 滋賀県 磨針峠
1%
60 滋賀県 花折峠
1%
62 京都府 京見峠
1%
63 和歌山県 箕峠
1%
64 和歌山県 札立峠
1%
66 奈良県 芋峠
1%
67 奈良県 伯母子峠
1%
69 大阪府奈良県 竹ノ内峠
1%
70 大阪府和歌山県 和泉葛城越
1%
74 島根県広島県 赤名峠
1%
78 広島県 上根峠
1%
79 山口県 欽明路峠
1%
80 徳島県 桟敷峠
1%
83 香川県徳島県 相栗峠
1%
91 熊本県 日ノ尾峠
1%
93 大分県福岡県 岳滅鬼峠
1%
94 大分県 鉾立峠
1%
98 鹿児島県 耳取峠
1%
99 鹿児島県 本茶峠
1%
100 沖縄県 多幸山フェーレー岩
1%
No matching quizzes found
Score Distribution
Percent of People with Each Score
Percentile by Number Answered
Your Score History
You have not taken this quiz